000 00761nam a2200217 a 4500
001 46573
003 BD-RjUL
005 20211209054155.0
008 160803s1970 ben 000 0 eng d
020 _c: T.k 1.50
035 _a(BD-RjUL)46692
040 _aBD-RjUL
_cEQO
_bben
041 _aben
082 _223
_a341
_bANT 1970
245 1 0 _aআন্তর্জাতিক আইন পরিভাষা = [terminology of international Law] /
260 _aঢাকা :
_bকেদ্রীয় বাংলা - উন্নয়ন বোর্ড,
_c১৯৭০.
300 _a[৫০] পৃ :
_c২২ সেমি.
650 _aআন্তর্জাতিক আইন
_9144082
650 _aInternational Law
_9144083
942 _2ddc
_cBK
999 _c46573
_d46573